[Event "Berliner Einzelmeisterschaft 2002"]
[Site "Berlin"]
[Date "2022.04.16"]
[Round "2.1"]
[White "Stern, Rene"]
[Black "Rietze, Clemens"]
[Result "1/2-1/2"]
[WhiteElo "2509"]
[BlackElo "2290"]
[Annotator "TheRocket"]
[PlyCount "132"]
[EventDate "2022.??.??"]
[EventCountry "GER"]
[SourceTitle "SV Mattnetz Berlin e.V."]
[SourceDate "2022.04.23"]
[SourceVersion "1"]
[SourceVersionDate "2022.04.23"]
[SourceQuality "1"]

{[%evp 0,59,32,-3,4,4,4,4,10,-5,-2,-26,19,-32,-31,-30,-30,-30,9,9,13,-10,-15,
-31,-17,-17,-24,-24,-18,-18,-31,-46,-37,-169,-149,-149,-147,-165,-165,-195,
-168,-168,-123,-122,-129,-193,-168,-175,-181,-207,-189,-208,-206,-212,-220,
-222,-213,-219,-206,-214,-192,-188]} 1. c4 {[%emt 0:00:03]} e6 {[%emt 0:00:13]}
2. Nc3 {[%emt 0:00:07]} d5 {[%emt 0:00:08]} 3. d4 {[%emt 0:00:06]} Bb4 {
[%emt 0:00:09]} 4. cxd5 {[%emt 0:00:24]} exd5 {[%emt 0:00:12]} 5. Bf4 {[%emt 0:
00:05]} Nf6 {[%emt 0:00:10]} 6. Qa4+ {[%emt 0:01:01]} Nc6 {[%emt 0:00:12]} 7.
e3 {[%emt 0:01:13]} Ne4 {[%emt 0:05:45]} 8. Bb5 {[%emt 0:08:49]} Bd7 {[%emt 0:
07:19]} 9. Nge2 {[%emt 0:04:45]} g5 {[%emt 0:10:44]} 10. Be5 {[%emt 0:42:27]}
Bxc3+ {[%emt 0:33:38]} 11. bxc3 {[%emt 0:00:21]} Nxe5 {[%emt 0:03:08]} 12. dxe5
{[%emt 0:00:11]} c6 {[%emt 0:10:24]} 13. Bd3 {[%emt 0:10:46]} Nc5 {[%emt 0:00:
44]} 14. Qd4 {[%emt 0:06:06]} Qe7 {[%emt 0:00:08]} 15. e6 {[%emt 0:04:56]}
Nxd3+ {[%emt 0:00:16]} 16. Kd2 {[%emt 0:00:37]} O-O {[%emt 0:00:21]} 17. exd7 {
[%emt 0:07:40]} Nxf2 {[%emt 0:10:04]} 18. Ng3 {[%emt 0:04:30]} f5 {[%emt 0:07:
06]} 19. Raf1 {[%emt 0:03:49]} Ne4+ {[%emt 0:00:26]} 20. Nxe4 {[%emt 0:01:52]}
Qxe4 {[%emt 0:05:39]} 21. Qxe4 {[%emt 0:00:26]} fxe4 {[%emt 0:00:02]} 22. Ke2 {
[%emt 0:00:35]} Rad8 {[%emt 0:01:06]} 23. Rxf8+ {[%emt 0:00:04]} Kxf8 {[%emt 0:
00:03]} 24. Rf1+ {[%emt 0:00:51]} Kg7 {[%emt 0:00:10]} 25. Rf5 {[%emt 0:00:31]}
Kg6 {[%emt 0:00:50]} 26. Re5 {[%emt 0:00:06]} Rxd7 {[%emt 0:00:05]} 27. Re8 {
[%emt 0:00:03]} Kf6 {[%emt 0:01:11]} 28. a4 {[%emt 0:00:10]} Re7 {[%emt 0:00:
34]} 29. Ra8 {[%emt 0:00:20]} b6 {[%emt 0:00:57]} 30. Rc8 {[%emt 0:00:13]} c5 {
[%emt 0:00:03]} 31. a5 {[%emt 0:00:27]} Ke5 {[%emt 0:01:16]} 32. Rc6 {[%emt 0:
00:07]} Rb7 {[%emt 0:01:48]} 33. Rc8 {[%emt 0:01:17]} Re7 {[%emt 0:01:18]} 34.
Rc6 {[%emt 0:00:14]} Rb7 {[%emt 0:00:33]} 35. Rc8 {[%emt 0:00:04]} bxa5 {
[%emt 0:00:26]} 36. Rxc5 {[%emt 0:00:05]} Rb2+ {[%emt 0:00:12]} 37. Kf1 {
[%emt 0:00:08]} Rb1+ {[%emt 0:00:11]} 38. Kf2 {[%emt 0:00:13]} Rb2+ {[%emt 0:
00:04]} 39. Kf1 {[%emt 0:00:15]} a4 {[%emt 0:01:43]} 40. Ra5 {[%emt 0:00:08]}
Rb1+ {[%emt 0:00:17]} 41. Kf2 {[%emt 0:00:06]} Rb2+ {[%emt 0:00:05]} 42. Kf1 {
[%emt 0:00:12]} Rc2 {[%emt 0:11:10]} 43. Rxa4 {[%emt 0:01:01]} Rxc3 {[%emt 0:
03:34]} 44. Ke2 {[%emt 0:01:19]} Rc2+ {[%emt 0:00:13]} 45. Kf1 {[%emt 0:00:05]}
Rc7 {[%emt 0:04:47]} 46. Ra6 {[%emt 0:00:38]} Rd7 {[%emt 0:00:29]} 47. Ke2 {
[%emt 0:05:42]} h5 {[%emt 0:00:32]} 48. h3 {[%emt 0:11:50]} Kf5 {[%emt 0:00:50]
} 49. Rh6 {[%emt 0:01:08]} h4 {[%emt 0:02:35]} 50. Ra6 {[%emt 0:01:24]} g4 {
[%emt 0:03:49]} 51. hxg4+ {[%emt 0:00:05]} Kxg4 {[%emt 0:00:04]} 52. Rg6+ {
[%emt 0:00:04]} Kh5 {[%emt 0:01:13]} 53. Ra6 {[%emt 0:01:02]} h3 {[%emt 0:02:
05]} 54. gxh3 {[%emt 0:10:59]} Kh4 {[%emt 0:00:03]} 55. Rh6+ {[%emt 0:03:04]}
Kg3 {[%emt 0:00:03]} 56. Kd2 {[%emt 0:00:05]} a5 {[%emt 0:05:57]} 57. Ra6 {
[%emt 0:00:38]} Kxh3 {[%emt 0:00:47]} 58. Rxa5 {[%emt 0:00:04]} Kg3 {[%emt 0:
00:24]} 59. Ra8 {[%emt 0:01:31]} Rf7 {[%emt 0:00:20]} 60. Ke2 {[%emt 0:01:35]}
Rf2+ {[%emt 0:00:07]} 61. Ke1 {[%emt 0:00:04]} Rf5 {[%emt 0:00:39]} 62. Ke2 {
[%emt 0:00:06]} Rf2+ {[%emt 0:00:11]} 63. Ke1 {[%emt 0:00:04]} Rb2 {[%emt 0:00:
41]} 64. Rf8 {[%emt 0:00:19]} Rb3 {[%emt 0:00:42]} 65. Ke2 {[%emt 0:00:07]}
Rb2+ {[%emt 0:00:07]} 66. Ke1 {[%emt 0:00:05]} Rb3 {[%emt 0:00:04]} 1/2-1/2

[Event "Berliner Einzelmeisterschaft 2002"]
[Site "Berlin"]
[Date "2022.04.16"]
[Round "2.2"]
[White "Florstedt, Johannes"]
[Black "Glek, Igor"]
[Result "1/2-1/2"]
[WhiteElo "2316"]
[BlackElo "2479"]
[Annotator "TheRocket"]
[PlyCount "133"]
[EventDate "2022.??.??"]
[EventCountry "GER"]
[SourceTitle "SV Mattnetz Berlin e.V."]
[SourceDate "2022.04.23"]
[SourceVersion "1"]
[SourceVersionDate "2022.04.23"]
[SourceQuality "1"]

{[%evp 0,44,32,43,41,25,36,29,55,67,51,2,-4,-4,20,20,42,36,32,-16,-3,18,2,-11,
6,5,11,0,10,3,34,13,8,9,2,9,30,3,23,-13,40,-15,-8,-42,-26,-37,-32]} 1. e4 {
[%emt 0:05:17]} e6 {[%emt 0:00:50]} 2. d4 {[%emt 0:00:07]} d5 {[%emt 0:00:06]}
3. Nc3 {[%emt 0:00:06]} Nf6 {[%emt 0:00:06]} 4. e5 {[%emt 0:00:07]} Nfd7 {
[%emt 0:00:06]} 5. f4 {[%emt 0:00:07]} c5 {[%emt 0:00:04]} 6. Nf3 {[%emt 0:00:
05]} Nc6 {[%emt 0:00:08]} 7. Be3 {[%emt 0:00:06]} Be7 {[%emt 0:00:10]} 8. Qd2 {
[%emt 0:00:50]} O-O {[%emt 0:00:26]} 9. dxc5 {[%emt 0:00:32]} Bxc5 {[%emt 0:02:
44]} 10. O-O-O {[%emt 0:00:11]} Qb6 {[%emt 0:00:16]} 11. Nd4 {[%emt 0:09:09]}
Nxd4 {[%emt 0:00:56]} 12. Bxd4 {[%emt 0:00:11]} Bxd4 {[%emt 0:00:16]} 13. Qxd4
{[%emt 0:00:06]} Qxd4 {[%emt 0:00:04]} 14. Rxd4 {[%emt 0:00:09]} Nb8 {[%emt 0:
00:03]} 15. h4 {[%emt 0:03:38]} a6 {[%emt 0:02:41]} 16. h5 {[%emt 0:04:49]} Nc6
{[%emt 0:04:15]} 17. Rd2 {[%emt 0:00:57]} b5 {[%emt 0:00:03]} 18. a3 {[%emt 0:
21:36]} Rb8 {[%emt 0:03:56]} 19. b4 {[%emt 0:03:35]} a5 {[%emt 0:03:00]} 20.
Na2 {[%emt 0:01:00]} Bd7 {[%emt 0:07:44]} 21. Bd3 {[%emt 0:07:57]} Rb7 {
[%emt 0:00:45]} 22. c3 {[%emt 0:01:32]} axb4 {[%emt 0:07:59]} 23. axb4 {
[%emt 0:02:13]} f6 {[%emt 0:00:13]} 24. exf6 {[%emt 0:06:52]} Rxf6 {[%emt 0:06:
04]} 25. g3 {[%emt 0:00:06]} e5 {[%emt 0:00:13]} 26. Bc2 {[%emt 0:08:17]} exf4
{[%emt 0:01:22]} 27. gxf4 {[%emt 0:00:12]} d4 {[%emt 0:03:27]} 28. cxd4 {
[%emt 0:03:22]} Rxf4 {[%emt 0:00:10]} 29. Bb3+ {[%emt 0:00:53]} Kf8 {[%emt 0:
00:02]} 30. d5 {[%emt 0:02:10]} Nd4 {[%emt 0:06:15]} 31. Kb2 {[%emt 0:01:06]}
Bg4 {[%emt 0:05:04]} 32. Nc3 {[%emt 0:03:54]} Nf5 {[%emt 0:05:58]} 33. d6 {
[%emt 0:02:27]} Rd7 {[%emt 0:08:57]} 34. Nxb5 {[%emt 0:00:18]} Rxb4 {[%emt 0:
00:06]} 35. Ra1 {[%emt 0:00:10]} g5 {[%emt 0:06:22]} 36. hxg6 {[%emt 0:04:43]}
hxg6 {[%emt 0:04:06]} 37. Ra5 {[%emt 0:02:48]} Kg7 {[%emt 0:04:56]} 38. Kc3 {
[%emt 0:00:06]} Rxb5 {[%emt 0:04:39]} 39. Rxb5 {[%emt 0:00:06]} Nxd6 {[%emt 0:
00:02]} 40. Rb4 {[%emt 0:01:44]} Bf5 {[%emt 0:00:50]} 41. Kb2 {[%emt 0:05:49]}
Nc4+ {[%emt 0:00:16]} 42. Bxc4 {[%emt 0:02:28]} Rxd2+ {[%emt 0:00:06]} 43. Kc3
{[%emt 0:00:07]} Rh2 {[%emt 0:02:20]} 44. Rb2 {[%emt 0:05:28]} Rh3+ {[%emt 0:
00:17]} 45. Kd2 {[%emt 0:00:19]} Kh6 {[%emt 0:01:06]} 46. Rb3 {[%emt 0:01:22]}
Rh2+ {[%emt 0:00:34]} 47. Ke1 {[%emt 0:00:22]} Kg5 {[%emt 0:00:12]} 48. Kf1 {
[%emt 0:01:39]} Rd2 {[%emt 0:11:23]} 49. Be2 {[%emt 0:03:31]} Kf4 {[%emt 0:05:
24]} 50. Rf3+ {[%emt 0:00:11]} Ke4 {[%emt 0:00:07]} 51. Ra3 {[%emt 0:00:16]} g5
{[%emt 0:02:00]} 52. Rg3 {[%emt 0:12:18]} Kf4 {[%emt 0:00:57]} 53. Rf3+ {
[%emt 0:00:06]} Ke5 {[%emt 0:00:06]} 54. Re3+ {[%emt 0:00:28]} Kf6 {[%emt 0:00:
56]} 55. Bf3 {[%emt 0:00:37]} Bh3+ {[%emt 0:03:53]} 56. Kg1 {[%emt 0:00:38]} g4
{[%emt 0:00:15]} 57. Bc6 {[%emt 0:01:54]} Kg5 {[%emt 0:00:09]} 58. Re1 {
[%emt 0:00:13]} Kf4 {[%emt 0:04:12]} 59. Ra1 {[%emt 0:00:17]} Kg3 {[%emt 0:00:
45]} 60. Ra3+ {[%emt 0:00:10]} Kh4 {[%emt 0:00:02]} 61. Ra1 {[%emt 0:00:08]}
Rc2 {[%emt 0:03:47]} 62. Bb7 {[%emt 0:00:13]} Rc3 {[%emt 0:02:11]} 63. Ba8 {
[%emt 0:00:14]} g3 {[%emt 0:02:30]} 64. Bb7 {[%emt 0:01:20]} Kg5 {[%emt 0:00:
51]} 65. Ba8 {[%emt 0:00:56]} Kf4 {[%emt 0:00:16]} 66. Bg2 {[%emt 0:00:49]} Bc8
{[%emt 0:01:06]} 67. Rf1+ {[%emt 0:00:12]} 1/2-1/2

[Event "Berliner Einzelmeisterschaft 2002"]
[Site "Berlin"]
[Date "2022.04.16"]
[Round "2.3"]
[White "Mirzoev, Emil"]
[Black "Brustkern, Juergen"]
[Result "1-0"]
[WhiteElo "2467"]
[BlackElo "2218"]
[Annotator "TheRocket"]
[PlyCount "55"]
[EventDate "2022.??.??"]
[EventCountry "GER"]
[SourceTitle "SV Mattnetz Berlin e.V."]
[SourceDate "2022.04.23"]
[SourceVersion "1"]
[SourceVersionDate "2022.04.23"]
[SourceQuality "1"]

{[%evp 0,55,32,32,32,32,66,40,47,37,54,37,37,43,82,91,100,87,146,123,137,133,
158,83,83,104,88,71,63,59,63,35,41,32,41,25,113,113,111,107,106,116,180,111,
118,86,73,81,103,85,116,110,137,175,183,198,233,318]} 1. d4 {[%emt 0:10:15]} d5
{[%emt 0:00:18]} 2. Nf3 {[%emt 0:03:03]} c6 {[%emt 0:01:10]} 3. Bf4 {[%emt 0:
01:39]} Qb6 {[%emt 0:01:26]} 4. b3 {[%emt 0:05:36]} Bf5 {[%emt 0:00:46]} 5. e3
{[%emt 0:01:23]} e6 {[%emt 0:00:20]} 6. Bd3 {[%emt 0:03:12]} Bg4 {[%emt 0:03:
55]} 7. O-O {[%emt 0:04:05]} Nf6 {[%emt 0:14:20]} 8. c4 {[%emt 0:01:14]} c5 {
[%emt 0:01:07]} 9. Nc3 {[%emt 0:01:27]} Nbd7 {[%emt 0:05:15]} 10. h3 {[%emt 0:
10:40]} Bh5 {[%emt 0:06:33]} 11. Be2 {[%emt 0:02:29]} cxd4 {[%emt 0:13:22]} 12.
exd4 {[%emt 0:04:53]} Be7 {[%emt 0:10:56]} 13. c5 {[%emt 0:02:36]} Qd8 {
[%emt 0:07:28]} 14. b4 {[%emt 0:01:25]} O-O {[%emt 0:00:46]} 15. Nd2 {[%emt 0:
00:53]} Bg6 {[%emt 0:00:58]} 16. Rc1 {[%emt 0:02:44]} h6 {[%emt 0:04:30]} 17.
Nb3 {[%emt 0:00:46]} Ne4 {[%emt 0:02:36]} 18. Nxe4 {[%emt 0:14:29]} Bxe4 {
[%emt 0:02:45]} 19. b5 {[%emt 0:03:34]} Bg5 {[%emt 0:03:09]} 20. Qd2 {[%emt 0:
02:31]} Rc8 {[%emt 0:07:57]} 21. Bxg5 {[%emt 0:01:42]} hxg5 {[%emt 0:00:08]}
22. a4 {[%emt 0:02:13]} Qe7 {[%emt 0:02:59]} 23. a5 {[%emt 0:01:53]} e5 {
[%emt 0:00:22]} 24. Rfe1 {[%emt 0:00:37]} Rc7 {[%emt 0:03:08]} 25. b6 {[%emt 0:
01:06]} axb6 {[%emt 0:00:29]} 26. axb6 {[%emt 0:06:20]} Rcc8 {[%emt 0:00:53]}
27. Bb5 {[%emt 0:00:06]} exd4 {[%emt 0:02:05]} 28. Qxd4 {[%emt 0:01:20]} 1-0

[Event "Berliner Einzelmeisterschaft 2002"]
[Site "Berlin"]
[Date "2022.04.16"]
[Round "2.4"]
[White "Niehaus, Frank"]
[Black "Lagunow, Raphael"]
[Result "1-0"]
[WhiteElo "2074"]
[BlackElo "2389"]
[Annotator "TheRocket"]
[PlyCount "137"]
[EventDate "2022.??.??"]
[EventCountry "GER"]
[SourceTitle "SV Mattnetz Berlin e.V."]
[SourceDate "2022.04.23"]
[SourceVersion "1"]
[SourceVersionDate "2022.04.23"]
[SourceQuality "1"]

{[%evp 0,53,32,32,30,-20,2,-40,91,9,61,43,34,65,41,33,10,5,-19,9,218,212,194,
181,194,155,157,154,203,142,118,148,153,141,143,148,138,134,128,136,177,146,
147,163,170,178,188,208,246,205,297,271,277,280,339,342]} 1. d4 {[%emt 0:00:10]
} d5 {[%emt 0:09:56]} 2. Bg5 {[%emt 0:00:22]} f6 {[%emt 0:00:05]} 3. Bf4 {
[%emt 0:00:59]} c5 {[%emt 0:00:45]} 4. e4 {[%emt 0:03:05]} cxd4 {[%emt 0:09:35]
} 5. Bxb8 {[%emt 0:10:07]} Rxb8 {[%emt 0:18:32]} 6. Qxd4 {[%emt 0:01:23]} e5 {
[%emt 0:14:11]} 7. Qxa7 {[%emt 0:07:01]} Be6 {[%emt 0:00:54]} 8. exd5 {[%emt 0:
05:34]} Bxd5 {[%emt 0:00:16]} 9. Qa4+ {[%emt 0:10:43]} b5 {[%emt 0:14:38]} 10.
Bxb5+ {[%emt 0:06:36]} Kf7 {[%emt 0:00:58]} 11. Nc3 {[%emt 0:06:07]} Ra8 {
[%emt 0:11:51]} 12. Qh4 {[%emt 0:05:11]} Be6 {[%emt 0:03:10]} 13. Nge2 {
[%emt 0:03:39]} Qc8 {[%emt 0:02:14]} 14. Rd1 {[%emt 0:04:57]} Nh6 {[%emt 0:00:
53]} 15. Qe4 {[%emt 0:03:25]} Rb8 {[%emt 0:03:30]} 16. O-O {[%emt 0:02:32]} Nf5
{[%emt 0:01:05]} 17. a4 {[%emt 0:03:19]} Nd6 {[%emt 0:03:54]} 18. Qf3 {[%emt 0:
07:23]} Nxb5 {[%emt 0:00:46]} 19. axb5 {[%emt 0:00:21]} Bb4 {[%emt 0:01:07]}
20. h3 {[%emt 0:02:03]} h6 {[%emt 0:00:45]} 21. Ra1 {[%emt 0:01:30]} Qb7 {
[%emt 0:01:09]} 22. Qh5+ {[%emt 0:02:10]} g6 {[%emt 0:00:05]} 23. Qh4 {[%emt 0:
02:09]} Be7 {[%emt 0:00:01]} 24. Ra6 {[%emt 0:01:22]} Rhc8 {[%emt 0:01:26]} 25.
Qxh6 {[%emt 0:01:42]} Rh8 26. Qe3 {[%emt 0:00:18]} Qc7 {[%emt 0:01:02]} 27. Ra7
{[%emt 0:01:57]} Rb7 {[%emt 0:00:01]} 28. Rxb7 {[%emt 0:00:19]} Qxb7 29. Ra1 {
[%emt 0:00:24]} Ra8 {[%emt 0:00:23]} 30. Rxa8 {[%emt 0:01:50]} Qxa8 31. b3 {
[%emt 0:01:06]} Bf5 {[%emt 0:01:01]} 32. Qd2 {[%emt 0:01:06]} Qd8 {[%emt 0:00:
42]} 33. Nd5 {[%emt 0:01:50]} Bxc2 {[%emt 0:00:08]} 34. Qxc2 {[%emt 0:00:11]}
Qxd5 {[%emt 0:00:09]} 35. Qc4 Ke6 {[%emt 0:00:03]} 36. Nc3 {[%emt 0:00:05]}
Qxc4 {[%emt 0:00:07]} 37. bxc4 {[%emt 0:00:07]} e4 {[%emt 0:01:56]} 38. Nxe4 {
[%emt 0:02:15]} Ke5 {[%emt 0:00:01]} 39. Nc3 {[%emt 0:00:30]} Kd4 {[%emt 0:00:
57]} 40. Nd5 {[%emt 0:00:07]} Bd6 {[%emt 0:00:06]} 41. Nxf6 {[%emt 0:01:44]}
Kxc4 {[%emt 0:00:07]} 42. b6 {[%emt 0:00:28]} Kb5 {[%emt 0:00:04]} 43. b7 {
[%emt 0:01:38]} Kc6 {[%emt 0:00:10]} 44. Kf1 {[%emt 0:00:43]} Kxb7 {[%emt 0:00:
08]} 45. Ke2 {[%emt 0:00:09]} Kc6 {[%emt 0:00:19]} 46. Kf3 {[%emt 0:00:52]} Be7
{[%emt 0:00:25]} 47. Ne4 {[%emt 0:02:53]} Kd5 {[%emt 0:03:48]} 48. Ke3 {
[%emt 0:00:51]} Ke5 {[%emt 0:03:22]} 49. f4+ {[%emt 0:00:19]} Kd5 {[%emt 0:00:
07]} 50. Kf3 {[%emt 0:00:23]} Ke6 {[%emt 0:03:36]} 51. Kg4 {[%emt 0:00:09]} Bd8
{[%emt 0:00:37]} 52. h4 {[%emt 0:02:46]} Be7 {[%emt 0:01:28]} 53. Ng3 {[%emt 0:
00:08]} Bd8 {[%emt 0:02:37]} 54. h5 {[%emt 0:00:11]} gxh5+ {[%emt 0:00:05]} 55.
Nxh5 {[%emt 0:00:04]} Be7 {[%emt 0:00:36]} 56. Ng3 {[%emt 0:00:53]} Bd8 {
[%emt 0:00:48]} 57. Kf3 {[%emt 0:01:02]} Bc7 {[%emt 0:00:14]} 58. Ne4 {[%emt 0:
00:07]} Bb6 {[%emt 0:02:03]} 59. g4 {[%emt 0:00:17]} Bd4 {[%emt 0:00:08]} 60.
Ng3 {[%emt 0:02:41]} Bb2 {[%emt 0:00:37]} 61. Ke4 {[%emt 0:00:12]} Kf6 {
[%emt 0:00:13]} 62. Kd5 {[%emt 0:01:13]} Bc1 {[%emt 0:00:16]} 63. Ne4+ {
[%emt 0:00:18]} Kg6 {[%emt 0:00:38]} 64. f5+ {[%emt 0:00:16]} Kf7 {[%emt 0:00:
01]} 65. g5 {[%emt 0:01:35]} Bxg5 {[%emt 0:00:06]} 66. Nxg5+ {[%emt 0:00:04]}
Kf6 {[%emt 0:00:05]} 67. Ke4 {[%emt 0:00:04]} Kxg5 {[%emt 0:00:03]} 68. Ke5 {
[%emt 0:00:04]} Kh6 {[%emt 0:00:05]} 69. Ke4 {[%emt 0:00:06]} 1-0

[Event "Berliner Einzelmeisterschaft 2002"]
[Site "Berlin"]
[Date "2022.04.16"]
[Round "2.5"]
[White "Nogly, Christoph"]
[Black "Zhou, Lepu Coco"]
[Result "1-0"]
[WhiteElo "2228"]
[BlackElo "1892"]
[Annotator "TheRocket"]
[PlyCount "117"]
[EventDate "2022.??.??"]
[EventCountry "GER"]
[SourceTitle "SV Mattnetz Berlin e.V."]
[SourceDate "2022.04.23"]
[SourceVersion "1"]
[SourceVersionDate "2022.04.23"]
[SourceQuality "1"]

{[%evp 0,54,30,30,30,30,24,2,42,42,53,42,49,48,51,27,50,25,48,57,82,72,68,59,
62,91,83,50,97,45,58,62,87,92,108,72,58,86,80,93,92,98,104,93,92,88,85,83,83,
93,70,65,82,77,82,84,84]} 1. d4 {[%emt 0:00:02]} d5 {[%emt 0:00:11]} 2. Nf3 {
[%emt 0:00:04]} Nf6 {[%emt 0:00:10]} 3. c4 {[%emt 0:00:04]} dxc4 {[%emt 0:00:
09]} 4. e3 {[%emt 0:00:05]} e6 {[%emt 0:00:31]} 5. Bxc4 {[%emt 0:00:06]} a6 {
[%emt 0:00:27]} 6. O-O {[%emt 0:00:16]} c5 {[%emt 0:00:56]} 7. Be2 {[%emt 0:00:
07]} Nbd7 {[%emt 0:01:15]} 8. b3 {[%emt 0:02:06]} Be7 {[%emt 0:01:07]} 9. dxc5
{[%emt 0:02:15]} Nxc5 {[%emt 0:01:59]} 10. Qxd8+ {[%emt 0:06:55]} Bxd8 {
[%emt 0:00:47]} 11. Nbd2 {[%emt 0:03:15]} b6 {[%emt 0:06:13]} 12. Ba3 {[%emt 0:
16:43]} Bb7 {[%emt 0:08:07]} 13. Nc4 {[%emt 0:05:12]} O-O {[%emt 0:04:47]} 14.
Nfe5 {[%emt 0:05:26]} Bc7 {[%emt 0:06:48]} 15. Rac1 {[%emt 0:12:13]} Rfd8 {
[%emt 0:03:28]} 16. Nxb6 {[%emt 0:07:16]} Bxb6 {[%emt 0:00:09]} 17. Bxc5 {
[%emt 0:00:06]} Bxc5 {[%emt 0:00:08]} 18. Rxc5 {[%emt 0:00:03]} Rd2 {[%emt 0:
00:20]} 19. Bc4 {[%emt 0:00:52]} Nd5 {[%emt 0:06:18]} 20. Bxd5 {[%emt 0:07:12]}
Bxd5 {[%emt 0:00:34]} 21. Rfc1 {[%emt 0:00:11]} h6 {[%emt 0:03:41]} 22. R5c2 {
[%emt 0:00:53]} Rxc2 {[%emt 0:01:32]} 23. Rxc2 {[%emt 0:00:02]} f6 {[%emt 0:01:
15]} 24. Nc4 {[%emt 0:05:01]} Rc8 {[%emt 0:03:53]} 25. f3 {[%emt 0:00:06]} e5 {
[%emt 0:05:02]} 26. e4 {[%emt 0:01:14]} Be6 {[%emt 0:02:46]} 27. Kf2 {[%emt 0:
01:42]} Kf8 {[%emt 0:02:01]} 28. Ke2 {[%emt 0:01:37]} Ke7 {[%emt 0:04:28]} 29.
Kd3 {[%emt 0:03:08]} Rd8+ {[%emt 0:04:18]} 30. Kc3 {[%emt 0:01:13]} g5 {
[%emt 0:01:37]} 31. Rd2 {[%emt 0:11:29]} Rxd2 {[%emt 0:01:32]} 32. Nxd2 {
[%emt 0:00:15]} g4 {[%emt 0:01:06]} 33. Kb4 {[%emt 0:00:22]} gxf3 {[%emt 0:00:
42]} 34. gxf3 {[%emt 0:00:06]} Kd6 {[%emt 0:00:43]} 35. Nc4+ {[%emt 0:01:34]}
Kc6 {[%emt 0:01:23]} 36. Ne3 {[%emt 0:00:09]} h5 {[%emt 0:01:53]} 37. Kc3 {
[%emt 0:04:02]} Kc5 {[%emt 0:02:21]} 38. b4+ {[%emt 0:02:00]} Kc6 {[%emt 0:01:
48]} 39. a4 {[%emt 0:00:44]} Kd6 {[%emt 0:01:53]} 40. Kb2 {[%emt 0:02:24]} a5 {
[%emt 0:07:42]} 41. bxa5 {[%emt 0:03:52]} Kc5 {[%emt 0:00:42]} 42. Kc3 {
[%emt 0:01:39]} Bc8 {[%emt 0:00:43]} 43. Nd5 {[%emt 0:05:42]} f5 {[%emt 0:04:
50]} 44. Ne7 {[%emt 0:00:39]} Ba6 {[%emt 0:00:12]} 45. Nxf5 {[%emt 0:04:15]}
Be2 {[%emt 0:00:16]} 46. Nh4 {[%emt 0:00:08]} Bd1 {[%emt 0:00:14]} 47. Kd2 {
[%emt 0:00:21]} Bxa4 {[%emt 0:00:13]} 48. Ke3 {[%emt 0:00:07]} Be8 {[%emt 0:01:
17]} 49. Nf5 {[%emt 0:01:02]} Bg6 {[%emt 0:01:18]} 50. Kf2 {[%emt 0:00:31]} Kb5
{[%emt 0:00:28]} 51. Nd6+ {[%emt 0:01:00]} Kxa5 {[%emt 0:01:33]} 52. Nc4+ {
[%emt 0:00:12]} Kb5 {[%emt 0:00:10]} 53. Nxe5 {[%emt 0:00:05]} Be8 {[%emt 0:00:
11]} 54. Ke3 {[%emt 0:02:00]} Kc5 {[%emt 0:00:21]} 55. h4 {[%emt 0:00:50]} Kd6
{[%emt 0:00:13]} 56. f4 {[%emt 0:00:12]} Ke6 {[%emt 0:00:22]} 57. Nf3 {[%emt 0:
00:11]} Kf6 {[%emt 0:00:59]} 58. f5 {[%emt 0:00:06]} Bd7 {[%emt 0:00:37]} 59.
Kf4 {[%emt 0:00:08]} 1-0

[Event "Berliner Einzelmeisterschaft 2002"]
[Site "Berlin"]
[Date "2022.04.16"]
[Round "2.6"]
[White "Eilenberg, Jonas"]
[Black "Hesse, Henrik"]
[Result "0-1"]
[WhiteElo "2177"]
[BlackElo "2191"]
[Annotator "TheRocket"]
[PlyCount "92"]
[EventDate "2022.??.??"]
[EventCountry "GER"]
[SourceTitle "SV Mattnetz Berlin e.V."]
[SourceDate "2022.04.23"]
[SourceVersion "1"]
[SourceVersionDate "2022.04.23"]
[SourceQuality "1"]

{[%evp 0,52,25,24,27,2,64,37,33,24,37,48,44,27,55,-20,-42,-11,30,20,20,2,6,-55,
3,12,-72,-60,-53,-135,-100,-129,-76,-84,-104,-142,-72,-184,10,-27,1,-38,-47,
-41,-41,-54,-62,-57,-84,-87,-19,-22,-22,-22,-25]} 1. d4 {[%emt 0:00:02]} Nf6 {
[%emt 0:00:18]} 2. c4 g6 {[%emt 0:00:54]} 3. Nc3 {[%emt 0:00:06]} Bg7 {[%emt 0:
00:07]} 4. e4 {[%emt 0:00:06]} d6 {[%emt 0:00:10]} 5. Be2 {[%emt 0:00:07]} O-O
{[%emt 0:00:09]} 6. Be3 {[%emt 0:00:22]} Na6 {[%emt 0:00:58]} 7. g4 {[%emt 0:
00:11]} c5 {[%emt 0:00:10]} 8. d5 {[%emt 0:00:06]} e6 {[%emt 0:00:14]} 9. g5 {
[%emt 0:01:41]} Nh5 {[%emt 0:00:58]} 10. Bxh5 {[%emt 0:10:56]} gxh5 {[%emt 0:
00:16]} 11. Qxh5 {[%emt 0:04:22]} Nb4 {[%emt 0:01:22]} 12. Qe2 {[%emt 0:13:23]}
exd5 {[%emt 0:01:40]} 13. Nxd5 {[%emt 0:02:59]} Bxb2 {[%emt 0:07:34]} 14. Rd1 {
[%emt 0:14:48]} Nxd5 {[%emt 0:18:33]} 15. Rxd5 {[%emt 0:13:01]} Bc3+ {[%emt 0:
02:52]} 16. Bd2 {[%emt 0:04:09]} Bg7 {[%emt 0:03:01]} 17. Nf3 {[%emt 0:13:02]}
Bg4 {[%emt 0:12:33]} 18. h3 {[%emt 0:02:42]} Bh5 {[%emt 0:12:21]} 19. Qd3 {
[%emt 0:04:57]} Bg6 {[%emt 0:00:34]} 20. O-O {[%emt 0:01:34]} Re8 {[%emt 0:16:
29]} 21. Re1 {[%emt 0:00:05]} Qe7 {[%emt 0:00:21]} 22. Nh4 {[%emt 0:04:31]}
Bxe4 {[%emt 0:06:13]} 23. Nf5 {[%emt 0:02:51]} Bxd3 {[%emt 0:06:44]} 24. Nxe7+
{[%emt 0:00:06]} Kf8 {[%emt 0:00:04]} 25. Rxd3 {[%emt 0:00:06]} Rxe7 {[%emt 0:
00:05]} 26. Rxd6 {[%emt 0:00:05]} Rxe1+ {[%emt 0:01:15]} 27. Bxe1 {[%emt 0:00:
02]} Ke7 {[%emt 0:00:16]} 28. Rd3 {[%emt 0:00:42]} Bd4 {[%emt 0:00:48]} 29. Kg2
{[%emt 0:01:44]} Ke6 {[%emt 0:01:57]} 30. Kg3 {[%emt 0:02:45]} a6 {[%emt 0:05:
06]} 31. Bc3 {[%emt 0:02:46]} Ke5 {[%emt 0:01:30]} 32. f3 {[%emt 0:01:33]} Bxc3
{[%emt 0:00:31]} 33. Rxc3 {[%emt 0:00:02]} Kd4 {[%emt 0:00:23]} 34. Rb3 {
[%emt 0:00:11]} Rb8 {[%emt 0:00:29]} 35. Rb6 {[%emt 0:01:13]} Kxc4 {[%emt 0:00:
16]} 36. Kf4 {[%emt 0:00:05]} Kd3 {[%emt 0:00:54]} 37. Rb3+ {[%emt 0:00:54]}
Kd4 {[%emt 0:00:29]} 38. Rb6 {[%emt 0:00:23]} Kd3 {[%emt 0:00:29]} 39. Rb3+ {
[%emt 0:00:27]} Kd2 {[%emt 0:00:26]} 40. Rb2+ {[%emt 0:00:33]} Kc1 {[%emt 0:00:
33]} 41. Rg2 {[%emt 0:05:59]} c4 {[%emt 0:02:18]} 42. Rg1+ {[%emt 0:07:27]} Kb2
{[%emt 0:01:39]} 43. Ke5 {[%emt 0:03:55]} b5 {[%emt 0:02:12]} 44. Rg2+ {
[%emt 0:01:52]} Kb1 {[%emt 0:00:06]} 45. f4 {[%emt 0:01:20]} c3 {[%emt 0:00:36]
} 46. Kf6 {[%emt 0:00:25]} c2 {[%emt 0:02:54]} 0-1